| Tag |
First Indicator |
Second Indicator |
Subfields |
| LEADER |
00000cgm a22000003a 4500 |
| 001 |
in00003745607 |
| 006 |
m|||||o||c|||||||| |
| 007 |
cr |n||||||||a |
| 007 |
vz |za|z| |
| 008 |
141125s2014 abc037 e |o v|eng d |
| 005 |
20260324205652.0 |
| 035 |
|
|
|a (OCoLC)900743941
|
| 035 |
|
|
|a ASP2639116/vast
|
| 040 |
|
|
|a VaAlASP
|c VaAlASP
|d UtOrBLW
|
| 050 |
|
4 |
|a H62
|b .R474 2014
|
| 245 |
0 |
0 |
|a Research methodologies :
|b an introduction to quantitative research /
|c produced by Uzma Williams and Jamie A. Dyce.
|
| 264 |
|
1 |
|a Edmonton, AB :
|b Uzma Williams,
|c 2014.
|
| 300 |
|
|
|a 1 online resource (37 min.)
|
| 306 |
|
|
|a 003639
|
| 336 |
|
|
|a two-dimensional moving image
|b tdi
|2 rdacontent
|
| 337 |
|
|
|a computer
|b c
|2 rdamedia
|
| 337 |
|
|
|a video
|b v
|2 rdamedia
|
| 338 |
|
|
|a online resource
|b cr
|2 rdacarrier
|
| 338 |
|
|
|a other
|b vz
|2 rdacarrier
|
| 500 |
|
|
|a Title from resource description page (viewed November 25, 2014).
|
| 520 |
|
|
|a This video provides an introduction to components and concepts in quantitative research in the Health and Social Sciences. Topics covered include an introduction to quantitative research, data collection methods, experimental design, types of analyses, writing a research report and ethics. The video is geared towards anyone interested in developing an understanding of quantitative designs and key concepts.
|
| 530 |
|
|
|a Previously released as DVD.
|
| 546 |
|
|
|a In English.
|
| 500 |
|
|
|a Electronic resource.
|
| 650 |
|
0 |
|a Research
|x Methodology.
|0 http://id.loc.gov/authorities/subjects/sh2002009792
|
| 650 |
|
0 |
|a Quantitative research.
|0 http://id.loc.gov/authorities/subjects/sh2007000909
|
| 650 |
|
0 |
|a Social sciences
|x Research.
|0 http://id.loc.gov/authorities/subjects/sh85124014
|
| 650 |
|
0 |
|a Medical sciences
|x Research.
|
| 655 |
|
7 |
|a Internet videos.
|2 lcgft
|0 http://id.loc.gov/authorities/genreForms/gf2011026337
|
| 655 |
|
7 |
|a Educational films.
|2 lcgft
|0 http://id.loc.gov/authorities/genreForms/gf2011026219
|
| 700 |
1 |
|
|a Dyce, Jamie A.,
|d 1962-
|e producer,
|e narrator.
|0 http://id.loc.gov/authorities/names/no2010092695
|
| 700 |
1 |
|
|a Williams, Uzma,
|e producer,
|e narrator.
|
| 856 |
4 |
0 |
|u http://proxy.library.tamu.edu/login?url=https://www.aspresolver.com/aspresolver.asp?VAST;2639116
|z Connect to this streaming video (Alexander Street Press)
|t 0
|
| 999 |
f |
f |
|s aa63b82d-c6a4-38cf-a582-98ff3fcfa493
|i 924554b7-ff75-3d55-9652-8087454c366a
|t 0
|
| 952 |
f |
f |
|a Texas A&M University
|b College Station
|c Electronic Resources
|s www_evans
|d Available Online
|t 0
|e H62 .R474 2014
|h Library of Congress classification
|
| 998 |
f |
f |
|a H62 .R474 2014
|t 0
|l Available Online
|